Vida de Cristo / (Record no. 24726)
[ view plain ]
| 000 -CABECERA | |
|---|---|
| campo de control de longitud fija | 00703nam a2200217 a 4500 |
| 001 - NÚMERO DE CONTROL | |
| campo de control | 000025233 |
| 005 - FECHA Y HORA DE LA ÚLTIMA TRANSACCIÓN | |
| campo de control | 20200930023640.0 |
| 008 - DATOS DE LONGITUD FIJA--INFORMACIÓN GENERAL | |
| campo de control de longitud fija | 110211s1964 sp r 001 0 spa d |
| 040 ## - FUENTE DE LA CATALOGACIÓN | |
| Centro catalogador/agencia de origen | DO-SdBNP |
| Lengua de catalogación | spa |
| Centro/agencia transcriptor | BNPHU |
| 082 ## - NÚMERO DE LA CLASIFICACIÓN DECIMAL DEWEY | |
| Número de clasificación | xxxxx |
| Número de documento/Ítem | S541v |
| 049 ## - FONDOS LOCALES (OCLC) | |
| Fondos de biblioteca | BNGR |
| 100 1# - ENTRADA PRINCIPAL--NOMBRE DE PERSONA | |
| Nombre de persona | Sheen, Fulton J. |
| 9 (RLIN) | 51717 |
| 245 10 - MENCIÓN DE TÍTULO | |
| Título | Vida de Cristo / |
| Mención de responsabilidad, etc. | Fulton J. Sheen ; traducción Juan Godo Costa. |
| 250 ## - MENCIÓN DE EDICIÓN | |
| Mención de edición | 4a ed. |
| 260 ## - PUBLICACIÓN, DISTRIBUCIÓN, ETC. | |
| Lugar de publicación, distribución, etc. | Barcelona, España : |
| Nombre del editor, distribuidor, etc. | Herder, |
| Fecha de publicación, distribución, etc. | 1964. |
| 300 ## - DESCRIPCIÓN FÍSICA | |
| Extensión | 525 p. ; |
| Dimensiones | 22 cm. |
| 500 ## - NOTA GENERAL | |
| Nota general | Incluye índice analítico. |
| 500 ## - NOTA GENERAL | |
| Nota general | Incluye notas al pie de las páginas. |
| 534 ## - NOTA SOBRE LA VERSIÓN ORIGINAL | |
| Encabezamiento principal del original | Título origina : |
| Mención de título del original | Life of christ, |
| Publicación, distribución, etc. del original | New York : Mc Graw-Hill, 1958. |
| 700 1# - PUNTO DE ACCESO ADICIONAL--NOMBRE DE PERSONA | |
| Nombre de persona | Godo Costa, Juan, |
| Término indicativo de función/relación | tr. |
| 9 (RLIN) | 51396 |
| Estado de retiro | Estado de pérdida | Restricciones de uso | No para préstamo | Código de colección | Localización permanente | Ubicación/localización actual | Ubicación en estantería | Fecha de adquisición | Número de inventario | Total de préstamos | Signatura topográfica completa | Código de barras | Fecha visto por última vez | Precio válido a partir de | Tipo de ítem Koha |
|---|---|---|---|---|---|---|---|---|---|---|---|---|---|---|---|
| Monografías: Libros y Folletos | General | General | En catalogación | 11.02.2011 | LF1 | xxxxx S541v | 25233-10 | 25.06.2020 | 25.06.2020 | Préstamo en sala |
